000 00307nam a2200085Ia 4500
008 170516s9999 xx 000 0 und d
260 _bJournal of Radiology s (up to 11:1 January 2017)
650 _xRADIOLOGIC TECHNOLOGY
856 _uhttp://www.radiologycases.com/index.php/radiologycases/issue/view/121/showToc
999 _c333092
_d333092